[Event "NRW Class2 0506"]
[Site "Germany"]
[Date "2006.02.12"]
[Round "6.2"]
[White "Kitte, Sebastian"]
[Black "Noetzel, Frank"]
[Result "1-0"]
[WhiteElo "2273"]
[BlackElo "2338"]
[PlyCount "67"]
[EventDate "2005.09.25"]
[EventType "team"]
[EventRounds "9"]
[EventCountry "GER"]
[SourceTitle "EXT 2006"]
[Source "ChessBase"]
[SourceDate "2005.11.24"]
[SourceVersion "1"]
[SourceVersionDate "2005.11.24"]
[SourceQuality "1"]
[WhiteTeam "Bochum 31 II"]
[BlackTeam "Elberfeld"]
[WhiteTeamCountry "GER"]
[BlackTeamCountry "GER"]

1. d4 f5 2. g3 Nf6 3. Bg2 g6 4. Nf3 Bg7 5. 0-0 0-0 6. b4 d6 7. Bb2 c6 8. Nbd2 Na6 9. a3 Qe8 10. c4 h6 11. Qb3 Qf7 12. a4 Nc7 13. b5 Bd7 14. Bc3 a6 15. bxc6 bxc6 16. Rab1 g5 17. Qc2 f4 18. gxf4 gxf4 19. e4 fxe3 20. fxe3 Qh5 21. Rb7 Ne6 22. Ne4 Qe8 23. Ng3 Qc8 24. Rb2 Nd8 25. Nh4 e6 26. d5 e5 27. Ngf5 Bxf5 28. Nxf5 Qc7 29. dxc6 Ra7 30. Bb4 Nf7 31. Bd5 Nxd5 32. cxd5 a5 33. Qg2 Nd8 34. Bxd6 1-0

[Event "BL2-West 0405"]
[Site "Germany"]
[Date "2005.01.16"]
[Round "5.8"]
[White "Kitte, Sebastian"]
[Black "Luetke, Jens"]
[Result "1/2-1/2"]
[WhiteElo "2287"]
[BlackElo "2316"]
[PlyCount "130"]
[EventDate "2004.10.13"]
[EventType "team-tourn"]
[EventRounds "9"]
[EventCountry "GER"]
[SourceTitle "EXT 2006"]
[Source "ChessBase"]
[SourceDate "2005.11.24"]
[SourceVersion "1"]
[SourceVersionDate "2005.11.24"]
[SourceQuality "1"]
[WhiteTeam "Bochum 31"]
[BlackTeam "Koeln SF"]
[WhiteTeamCountry "GER"]
[BlackTeamCountry "GER"]

1. d4 d6 2. c4 e5 3. Nf3 e4 4. Ng5 f5 5. Nc3 Nf6 6. g3 Be7 7. Bg2 0-0 8. 0-0 h6 9. Nh3 g5 10. f3 exf3 11. exf3 c6 12. Re1 Na6 13. b3 Nc7 14. Qd3 Nh5 15. Bb2 Bf6 16. Rad1 Re8 17. Nf2 Rxe1+ 18. Rxe1 Qf8 19. Bh3 Bg7 20. Qd2 Bd7 21. Nfd1 Ne6 22. Ne2 g4 23. Bg2 Ng5 24. f4 Nf7 25. d5 c5 26. Bxg7 Nxg7 27. Nec3 Re8 28. Bf1 Rxe1 29. Qxe1 Qd8 30. Bd3 Qf6 31. Qe3 Kf8 32. Kf2 h5 33. Bf1 h4 34. Kg1 Nh5 35. Kf2 Qh6 36. Kg1 Nh8 37. Qe1 Ng6 38. Qe3 Qh8 39. Kf2 Kf7 40. Kg1 Qe8 41. Qxe8+ Kxe8 42. Kf2 h3 43. Ke3 Ke7 44. Bd3 Kf6 45. Ne2 Ng7 46. Ndc3 Ne8 47. a4 b6 48. Kd2 Nc7 49. Nd1 Na6 50. Ne3 Nb4 51. Bb1 a6 52. Nc2 Nxc2 53. Bxc2 b5 54. axb5 axb5 55. Ke3 Ne7 56. Nc3 bxc4 57. bxc4 Nc8 58. Kd3 Ne7 59. Ne2 Ng6 60. Kc3 Ke7 61. Kb3 Kd8 62. Ka3 Kc7 63. Ba4 Bxa4 64. Kxa4 Kb6 65. Ka3 Ka5 1/2-1/2

[Event "NRW Class2 0405"]
[Site "Germany"]
[Date "2005.01.09"]
[Round "5.2"]
[White "Haves, Reinhard"]
[Black "Kitte, Sebastian"]
[Result "1/2-1/2"]
[WhiteElo "2254"]
[BlackElo "2287"]
[PlyCount "72"]
[EventDate "2004.10.10"]
[EventType "team"]
[EventRounds "9"]
[EventCountry "GER"]
[SourceTitle "EXT 2006"]
[Source "ChessBase"]
[SourceDate "2005.11.24"]
[SourceVersion "1"]
[SourceVersionDate "2005.11.24"]
[SourceQuality "1"]
[WhiteTeam "Neuenkirchen"]
[BlackTeam "Bochum II"]
[WhiteTeamCountry "GER"]
[BlackTeamCountry "GER"]

1. Nf3 d5 2. g3 Nf6 3. Bg2 c6 4. d3 Bg4 5. Nbd2 Nbd7 6. h3 Bh5 7. g4 Bg6 8. Nh4 e6 9. c4 Bd6 10. Nxg6 hxg6 11. Qc2 Qe7 12. e3 a5 13. Rb1 g5 14. b3 Ba3 15. Bxa3 Qxa3 16. Nf3 Nh7 17. 0-0 0-0 18. Rfd1 Rfd8 19. d4 Qe7 20. e4 Ndf6 21. exd5 exd5 22. c5 Nd7 23. Re1 Qf6 24. Qd2 g6 25. Qe3 Kg7 26. Qe7 Qxe7 27. Rxe7 Kf6 28. Rbe1 Nhf8 29. Nxg5 Kxg5 30. Rxf7 Re8 31. f4+ Kh4 32. Rxe8 Rxe8 33. Kf2 Re6 34. g5 Re8 35. Rg7 Re6 36. Rf7 Re8 1/2-1/2

[Event "Ruhrgebiet Regionalliga 0304"]
[Site "Ruhrgebiet"]
[Date "2004.05.02"]
[Round "9.1"]
[White "Kitte, Sebastian"]
[Black "Janssen, Ruud"]
[Result "1-0"]
[WhiteElo "2267"]
[BlackElo "2388"]
[PlyCount "105"]
[EventDate "2003.10.05"]
[EventType "team"]
[EventRounds "9"]
[EventCountry "GER"]
[SourceTitle "EXT 2007"]
[Source "ChessBase"]
[SourceDate "2006.11.23"]
[SourceVersion "1"]
[SourceVersionDate "2006.11.23"]
[SourceQuality "1"]
[WhiteTeam "Bochum 31 II"]
[BlackTeam "Erkenschwick"]
[WhiteTeamCountry "GER"]
[BlackTeamCountry "GER"]

1. d4 Nf6 2. c4 c5 3. d5 e6 4. Nc3 exd5 5. cxd5 d6 6. Nf3 g6 7. Nd2 Bg7 8. Nc4 0-0 9. Bg5 Qd7 10. e3 b5 11. Qf3 Ne8 12. Nd2 b4 13. Nd1 h6 14. Bf4 g5 15. Bg3 f5 16. Bc4 Qf7 17. 0-0 Nd7 18. a3 f4 19. exf4 gxf4 20. Bh4 Ne5 21. Qe2 Ng6 22. Bd8 Bf5 23. Ba5 Nf6 24. axb4 Rae8 25. Qf3 Ne5 26. Qb3 Qg6 27. Bb5 Rb8 28. Be2 Kh8 29. b5 Bc2 30. Qa2 Be4 31. Nxe4 Nxe4 32. f3 Ng3 33. hxg3 fxg3 34. Nf2 gxf2+ 35. Rxf2 Ng4 36. fxg4 Rxf2 37. Kxf2 Bd4+ 38. Ke1 Re8 39. Qc4 Qxg4 40. Bc3 Qg3+ 41. Kd1 Re4 42. Qd3 Qe5 43. Ra4 Re3 44. Qd2 Kg8 45. Bxd4 cxd4 46. Rxd4 h5 47. Rd3 Re4 48. Bf3 Ra4 49. Qc3 Qf4 50. Re3 Qf5 51. Qd3 Qg5 52. Re8+ Kg7 53. Qe3 1-0